Agrobacterium mediated transformation with the laticifer specific HMGR 1 gene in Hevea brasiliensis (Record no. 53195)

MARC details
000 -LEADER
fixed length control field 00632nam a2200193Ia 4500
100 ## - MAIN ENTRY--AUTHOR NAME
Personal name Jayashree R
245 #0 - TITLE STATEMENT
Title Agrobacterium mediated transformation with the laticifer specific HMGR 1 gene in Hevea brasiliensis
260 ## - PUBLICATION, DISTRIBUTION, ETC. (IMPRINT)
Name of publisher International Conference on Biotechnology: A Global Scenario, 2-4 November 2010, Kakatiya University, Warangal, pp.144.
700 ## - ADDED ENTRY--PERSONAL NAME
Personal name Nazeem P A
700 ## - ADDED ENTRY--PERSONAL NAME
Personal name Neethu P K
700 ## - ADDED ENTRY--PERSONAL NAME
Personal name Rekha K
700 ## - ADDED ENTRY--PERSONAL NAME
Personal name Sobha S
700 ## - ADDED ENTRY--PERSONAL NAME
Personal name Supriya R
700 ## - ADDED ENTRY--PERSONAL NAME
Personal name Sushamakumari S
700 ## - ADDED ENTRY--PERSONAL NAME
Personal name Thulaseedharan A
700 ## - ADDED ENTRY--PERSONAL NAME
Personal name Venkatachalam P
942 ## - ADDED ENTRY ELEMENTS (KOHA)
Koha item type Bibliography STAF
Holdings
Withdrawn status Lost status Damaged status Not for loan Home library Current library Date acquired Koha item type
      Bibliography RRII Library RRII Library 09/04/2014 Bibliography STAF